000 02314nam0a2200361 4500
001 RU\NLR\BIBL_A\011766181
005 20241107104440.0
010 _a978-5-7103-3555-0
_950
021 _aRU
_bКН-П-18-049875
_9КН-П-18-3597
035 _a(NLR Aleph) 011766181
035 _a(RuMoRGB)009648106
090 _a11702831
_c11702831
100 _a20180809d2018 u y0rusy50 ca
101 0 _arus
102 _aRU
105 _aa|||j|||000zy
200 1 _aОсновы экологической токсикологии
_eучебно-методическое пособие
_e[для бакалавров и магистрантов направления подготовки "Экология и природопользование"]
_fМинистерство образования и науки Российской Федерации, Федеральное государственное бюджетное образовательное учреждение высшего образования "Национальный исследовательский Мордовский государственный университет им. Н.П. Огарёва"
_g[составители: С.В. Меркулова, П.И. Меркулов]
210 _aСаранск
_cИзд-во Мордовского университета
_d2018
215 _a98, [2] с.
_cил., табл.
_d20
300 _aНа обл. авт.: С.В. Меркулова, П.И. Меркулов
320 _aБиблиогр.: с. 91 (18 назв.)
606 1 _aЭкологическая токсикология
_jУчебно-методические пособия
_91463213
_3RU\NLR\AUTH\66311500
610 0 _aэкологическая токсикология
686 1 _aР121.102я7
686 1 _aР284я7
702 1 _aМеркулова
_bС. В.
_gСветлана Владимировна
_4220
712 0 2 _4475
_aНациональный исследовательский Мордовский государственный университет им. Н. П. Огарева
_cСаранск
_92644482
_3RU\NLR\AUTH\880618073
942 _cBOOK
980 _aNBR
980 _aNB